[Event "52nd It"]
[Site "Reggio Emilia ITA"]
[Date "2009.12.28"]
[Round "1"]
[White "Brunello, S."]
[Black "Safarli, E."]
[Result "0-1"]
[WhiteElo "2507"]
[BlackElo "2592"]
[PlyCount "100"]
[EventDate "2009.12.28"]

1. d4 Nf6 2. c4 g6 3. Nf3 Bg7 4. g3 d5 5. cxd5 Nxd5 6. Bg2 Nb6 7. Nc3 Nc6 8. e3
O-O 9. O-O Re8 10. Qe2 e5 11. dxe5 Nxe5 12. Rd1 Nxf3+ 13. Bxf3 Qe7 14. h4 c6
15. Bd2 Be6 16. Be1 Nc4 17. b3 Ne5 18. Bg2 Rad8 19. Rxd8 Rxd8 20. Rd1 Rxd1 21.
Nxd1 Qc5 22. f3 Bf5 23. Nf2 Qc2 24. Qxc2 Bxc2 25. f4 Nd3 26. Nxd3 Bxd3 27. Bf1
Bxf1 28. Kxf1 f5 29. Ke2 Kf7 30. Kd3 Ke6 31. Kc4 b6 32. a4 Kd6 33. Bf2 Bb2 34.
b4 Bf6 35. b5 Bb2 36. Be1 Bc1 37. Bf2 c5 38. Bg1 Ba3 39. g4 fxg4 40. Bh2 Ke6
41. e4 Bb2 42. a5 bxa5 43. Kxc5 Bc3 44. Bg3 a4 45. Kc4 Bd2 46. Bf2 Bxf4 47.
Bxa7 g3 48. Bd4 g2 49. b6 Kd7 50. Kb4 Bh2 0-1

[Event "52nd It"]
[Site "Reggio Emilia ITA"]
[Date "2009.12.28"]
[Round "1"]
[White "Landa, K."]
[Black "Jobava, Ba"]
[Result "1/2-1/2"]
[WhiteElo "2664"]
[BlackElo "2696"]
[PlyCount "67"]
[EventDate "2009.12.28"]

1. d4 Nf6 2. c4 e6 3. g3 Bb4+ 4. Bd2 Bxd2+ 5. Qxd2 d5 6. Bg2 Nbd7 7. Nf3 c6 8.
b3 b5 9. c5 O-O 10. Qb2 Re8 11. Nbd2 Qc7 12. O-O e5 13. dxe5 Nxe5 14. Nxe5 Rxe5
15. Rfe1 Bf5 16. b4 a5 17. a4 bxa4 18. Rxa4 Rb8 19. Qc3 axb4 20. Rxb4 Ree8 21.
Rxb8 Rxb8 22. Nb3 h5 23. Nd4 Bd7 24. h4 Qb7 25. Rc1 Qb4 26. Qxb4 Rxb4 27. e3
Kf8 28. Kf1 Ke7 29. Ke2 Kd8 30. Kd2 Kc7 31. f3 Rb2+ 32. Rc2 Rb1 33. Rc1 Rb2+
34. Rc2 1/2-1/2

[Event "52nd It"]
[Site "Reggio Emilia ITA"]
[Date "2009.12.28"]
[Round "1"]
[White "Almasi, Z."]
[Black "Godena, M."]
[Result "1/2-1/2"]
[WhiteElo "2704"]
[BlackElo "2537"]
[PlyCount "176"]
[EventDate "2009.12.28"]

1. e4 e5 2. Nf3 Nc6 3. Bb5 a6 4. Ba4 Nf6 5. O-O b5 6. Bb3 Bc5 7. a4 Bb7 8. d3
O-O 9. Bg5 h6 10. Bh4 Be7 11. Re1 d6 12. Nc3 Na5 13. Ba2 b4 14. Ne2 c5 15. Ng3
g6 16. Nf1 Rb8 17. Ne3 Bc8 18. Nd2 Kg7 19. Bc4 Nd5 20. Nxd5 Bxh4 21. g3 Bf6 22.
h4 Kh7 23. Kg2 Bg7 24. h5 Qg5 25. Rh1 Nxc4 26. dxc4 Bg4 27. Nf3 Qd8 28. Ne3 Bc8
29. Qd2 b3 30. c3 Bb7 31. Nd5 g5 32. g4 Qd7 33. Nh2 a5 34. Rhd1 Bc6 35. Qe2 Rb7
36. Nf1 f6 37. Nfe3 Rf7 38. Ra3 Bf8 39. Rd2 Qd8 40. Qd1 Qb8 41. Qf3 Qc8 42. Rd3
Rb8 43. Qd1 Qb7 44. Nf1 Kg7 45. Kg3 Qa6 46. Nd2 Be8 47. Qf3 Bd7 48. Nc7 Qc6 49.
Nb5 Be6 50. Rxb3 Re8 51. Rd5 Rd8 52. Nf1 Bxd5 53. cxd5 Qe8 54. Ne3 Kh8 55. Qf5
Qd7 56. Qg6 Rh7 57. Nf5 c4 58. Ra3 Qf7 59. Ra1 Qxg6 60. hxg6 Rb7 61. Kf3 Kg8
62. Ke2 Rb6 63. Kd2 Rdb8 64. Kc2 R8b7 65. Ne3 Kg7 66. Nxc4 Ra6 67. Rh1 Kxg6 68.
Ne3 Kf7 69. Nf5 Ke8 70. Rxh6 Bxh6 71. Nfxd6+ Kd7 72. Nxb7 Bf8 73. d6 Kc6 74.
Nd8+ Kd7 75. Ne6 Bxd6 76. Ng7 Bc5 77. f3 Ra8 78. Nh5 Be7 79. Kd3 Kc6 80. Kc4
Rd8 81. Ng3 Rd2 82. Nf5 Bf8 83. b4 axb4 84. cxb4 Rb2 85. Na7+ Kb7 86. Nb5 Kc6
87. Na7+ Kb7 88. Nb5 Kc6 1/2-1/2

[Event "52nd It"]
[Site "Reggio Emilia ITA"]
[Date "2009.12.29"]
[Round "2"]
[White "Godena, M."]
[Black "Vocaturo, D."]
[Result "1-0"]
[WhiteElo "2537"]
[BlackElo "2500"]
[PlyCount "89"]
[EventDate "2009.12.28"]

1. e4 c5 2. c3 Nf6 3. e5 Nd5 4. Nf3 e6 5. Bc4 d6 6. d4 cxd4 7. cxd4 Nc6 8. O-O
Be7 9. Qe2 O-O 10. Nc3 Nxc3 11. bxc3 dxe5 12. dxe5 Qa5 13. Bd2 Rd8 14. Rfe1 Bd7
15. Bb3 Be8 16. Qe4 Rd7 17. Rac1 Rad8 18. Bg5 h6 19. Be3 Ba3 20. Rb1 Bf8 21.
Rbc1 Ba3 22. Rb1 Qxc3 23. Bc2 g6 24. Bxh6 Nd4 25. Bd1 Be7 26. Be3 Nxf3+ 27.
Bxf3 b6 28. h4 Rd5 29. h5 Rxe5 30. Qb7 Bg5 31. Rec1 Qa3 32. Rb3 Qxa2 33. Bxg5
Rxg5 34. Qe7 Rb8 35. Qxg5 Qxb3 36. hxg6 fxg6 37. Qe5 Rd8 38. Qf6 Qd3 39. Rc7
Rd7 40. Rc8 Qb1+ 41. Kh2 Rh7+ 42. Kg3 Qb5 43. Qxe6+ Kf8 44. Bd5 Rf7 45. Qxf7#
1-0

[Event "52nd It"]
[Site "Reggio Emilia ITA"]
[Date "2009.12.29"]
[Round "2"]
[White "Caruana, F."]
[Black "Almasi, Z."]
[Result "1/2-1/2"]
[WhiteElo "2652"]
[BlackElo "2704"]
[PlyCount "27"]
[EventDate "2009.12.28"]

1. d4 Nf6 2. c4 e6 3. g3 d5 4. Nf3 Bb4+ 5. Nbd2 dxc4 6. Bg2 O-O 7. O-O b5 8. a4
c6 9. b3 c3 10. Nb1 Bb7 11. Qc2 Nbd7 12. Nxc3 Rc8 13. Ne1 Qb6 14. Nd3 1/2-1/2

[Event "52nd It"]
[Site "Reggio Emilia ITA"]
[Date "2009.12.29"]
[Round "2"]
[White "Brunello, S."]
[Black "Landa, K."]
[Result "1/2-1/2"]
[WhiteElo "2507"]
[BlackElo "2664"]
[PlyCount "76"]
[EventDate "2009.12.28"]

1. d4 Nf6 2. c4 e6 3. Nf3 d5 4. g3 dxc4 5. Bg2 c5 6. Qa4+ Nc6 7. O-O Bd7 8.
Qxc4 cxd4 9. Nxd4 Rc8 10. Nc3 Nxd4 11. Qxd4 Bc5 12. Qd1 Bc6 13. Bg5 O-O 14.
Bxc6 Rxc6 15. Qxd8 Rxd8 16. Rfd1 Rcc8 17. Rxd8+ Rxd8 18. Ne4 Be7 19. Rc1 h6 20.
Bxf6 Bxf6 21. Nxf6+ gxf6 22. Rc2 f5 23. Kg2 Kg7 24. Kf3 Rd7 25. Ke3 Kf6 26. a4
b6 27. b4 Rd1 28. Rc7 a6 29. Rc6 Ra1 30. Rxb6 Rxa4 31. f4 h5 32. Kf3 a5 33.
bxa5 Rxa5 34. Rb8 Kg7 35. Kg2 Ra2 36. Kf3 Ra3+ 37. Kf2 Ra2 38. Kf3 Ra3+ 1/2-1/2

[Event "52nd It"]
[Site "Reggio Emilia ITA"]
[Date "2009.12.30"]
[Round "3"]
[White "Landa, K."]
[Black "Safarli, E."]
[Result "1/2-1/2"]
[WhiteElo "2664"]
[BlackElo "2592"]
[PlyCount "29"]
[EventDate "2009.12.28"]

1. d4 Nf6 2. c4 g6 3. Nc3 d5 4. Qb3 dxc4 5. Qxc4 Bg7 6. e4 O-O 7. Be2 a6 8. Be3
b5 9. Qb3 c5 10. dxc5 Be6 11. Qc2 Qa5 12. Bd2 Qc7 13. Be3 Qa5 14. Bd2 Qc7 15.
Be3 1/2-1/2

[Event "52nd It"]
[Site "Reggio Emilia ITA"]
[Date "2009.12.31"]
[Round "4"]
[White "Safarli, E."]
[Black "Godena, M."]
[Result "1/2-1/2"]
[WhiteElo "2592"]
[BlackElo "2537"]
[PlyCount "72"]
[EventDate "2009.12.28"]

1. e4 e5 2. Nf3 Nc6 3. Bb5 a6 4. Ba4 Nf6 5. O-O b5 6. Bb3 Bc5 7. c3 d6 8. a4
Bg4 9. axb5 axb5 10. Rxa8 Qxa8 11. h3 Bh5 12. d3 Qa6 13. Bg5 Nd7 14. g4 Bg6 15.
Bd5 h6 16. Bh4 b4 17. Nbd2 bxc3 18. bxc3 O-O 19. Qa1 Ra8 20. Qxa6 Rxa6 21. Rb1
Na5 22. Bg3 Bb6 23. Nh4 Bh7 24. Nf5 Kf8 25. Ne3 Ra7 26. Kf1 Bxe3 27. fxe3 Nb6
28. Ke2 Nb7 29. Bxb7 Rxb7 30. c4 f6 31. c5 dxc5 32. Rb5 Ra7 33. Rxc5 Nd7 34.
Rc2 c5 35. Nb3 Ke7 36. Be1 Kd6 1/2-1/2

[Event "52nd It"]
[Site "Reggio Emilia ITA"]
[Date "2009.12.31"]
[Round "4"]
[White "Jobava, Ba"]
[Black "Vocaturo, D."]
[Result "1-0"]
[WhiteElo "2696"]
[BlackElo "2500"]
[PlyCount "71"]
[EventDate "2009.12.28"]

1. d4 Nf6 2. c4 c5 3. d5 d6 4. Nc3 g6 5. e4 Bg7 6. f4 O-O 7. Nf3 e6 8. Be2 exd5
9. cxd5 Nbd7 10. O-O Re8 11. Nd2 a6 12. a4 Rb8 13. Kh1 Qc7 14. e5 dxe5 15. Nc4
b6 16. fxe5 Nxe5 17. d6 Qd7 18. Bg5 Nfg4 19. Nd5 Nxc4 20. Bxc4 Ne5 21. Rxf7
Nxf7 22. Ne7+ Kh8 23. Bxf7 Rf8 24. Bxg6 Qg4 25. Qd2 Bd7 26. Bc2 Qd4 27. Qe2 Bg4
28. Qe1 Qf2 29. h3 Qxc2 30. hxg4 Rbd8 31. Nf5 Rde8 32. Be7 Rxf5 33. gxf5 Qxf5
34. Qe2 Qd7 35. Re1 Qxa4 36. Qe6 1-0

[Event "52nd It"]
[Site "Reggio Emilia ITA"]
[Date "2009.12.31"]
[Round "4"]
[White "Brunello, S."]
[Black "Almasi, Z."]
[Result "0-1"]
[WhiteElo "2507"]
[BlackElo "2704"]
[PlyCount "80"]
[EventDate "2009.12.28"]

1. d4 Nf6 2. c4 g6 3. g3 Bg7 4. Bg2 d5 5. cxd5 Nxd5 6. e3 O-O 7. Ne2 c5 8. O-O
cxd4 9. Nxd4 Nc6 10. Nc3 Nxc3 11. bxc3 Bd7 12. Rb1 Qc8 13. Ba3 Re8 14. Qb3 Rb8
15. Rfd1 Na5 16. Qd5 b6 17. Qg5 Nc4 18. Bxe7 h6 19. Qh4 g5 20. Bxg5 hxg5 21.
Qxg5 Qc5 22. Qh4 Qe7 23. Qh5 Rbc8 24. Bd5 Ne5 25. Nf5 Bxf5 26. Qxf5 Rxc3 27.
Rd4 Qf6 28. Qh5 Qg6 29. Qxg6 Nxg6 30. Rg4 Kf8 31. h4 Rd8 32. Bb3 Ne5 33. Rf4
Rd7 34. Kg2 Nd3 35. Rf3 Nc5 36. Bd1 Ra3 37. g4 Rxa2 38. g5 Rad2 39. Bb3 Nxb3
40. Rxb3 Rb2 0-1

[Event "52nd It"]
[Site "Reggio Emilia ITA"]
[Date "2010.01.02"]
[Round "5"]
[White "Bologan, V."]
[Black "Safarli, E."]
[Result "1-0"]
[WhiteElo "2692"]
[BlackElo "2592"]
[PlyCount "79"]
[EventDate "2009.12.28"]

1. e4 c5 2. Nf3 d6 3. d4 cxd4 4. Nxd4 Nf6 5. Nc3 a6 6. Be3 e5 7. Nf3 Qc7 8. a4
Be7 9. a5 O-O 10. Be2 Nbd7 11. O-O Nc5 12. Nd2 Be6 13. Bf3 Rfd8 14. b4 Nb3 15.
Nd5 Nxd5 16. exd5 Nxa1 17. dxe6 d5 18. exf7+ Kf8 19. Qxa1 d4 20. Ne4 dxe3 21.
fxe3 Bxb4 22. Ng5 Qc3 23. Qxc3 Bxc3 24. Bxb7 Rab8 25. Nxh7+ Ke7 26. Bxa6 Bxa5
27. f8=Q+ Rxf8 28. Nxf8 Rxf8 29. Rxf8 Kxf8 30. Kf2 Ke7 31. Kf3 Bb6 32. h4 Kf6
33. Ke4 Bc5 34. Bb5 g6 35. Be8 Bb6 36. c4 Ba7 37. g4 Bc5 38. g5+ Kg7 39. Kd5
Bxe3 40. c5 1-0

[Event "52nd It"]
[Site "Reggio Emilia ITA"]
[Date "2010.01.02"]
[Round "5"]
[White "Almasi, Z."]
[Black "Landa, K."]
[Result "1/2-1/2"]
[WhiteElo "2704"]
[BlackElo "2664"]
[PlyCount "44"]
[EventDate "2009.12.28"]

1. e4 c6 2. d4 d5 3. e5 Bf5 4. Nf3 e6 5. Be2 c5 6. Be3 cxd4 7. Nxd4 Ne7 8. Nd2
Nbc6 9. N2f3 Be4 10. O-O Ng6 11. Bb5 Bxf3 12. Qxf3 Qd7 13. Qh5 Ngxe5 14. f4 a6
15. fxe5 axb5 16. Nxb5 Nxe5 17. Qxe5 Qxb5 18. Bd4 Qd7 19. Qh5 Rc8 20. Kh1 h6
21. Rad1 Rh7 22. Qe2 Bd6 1/2-1/2

[Event "52nd It"]
[Site "Reggio Emilia ITA"]
[Date "2010.01.02"]
[Round "5"]
[White "Vocaturo, D."]
[Black "Brunello, S."]
[Result "0-1"]
[WhiteElo "2500"]
[BlackElo "2507"]
[PlyCount "125"]
[EventDate "2009.12.28"]

1. e4 c6 2. d4 d5 3. e5 Bf5 4. Nf3 e6 5. Be2 Nd7 6. O-O Ne7 7. Nh4 Bg6 8. c3 c5
9. Nd2 cxd4 10. cxd4 Nc6 11. Nxg6 hxg6 12. Nf3 Be7 13. a3 g5 14. Qd3 Nf8 15.
Be3 f6 16. b4 Kf7 17. Bd1 a5 18. b5 Nb8 19. Nd2 Ng6 20. f4 gxf4 21. Bxf4 Nxf4
22. Rxf4 Nd7 23. Bg4 Rh6 24. Nf3 f5 25. Bxf5 exf5 26. e6+ Rxe6 27. Qxf5+ Rf6
28. Qxd5+ Ke8 29. Re4 Rxf3 30. gxf3 Nf6 31. Qxb7 Nxe4 32. Qxe4 Rb8 33. a4 Rb6
34. Kh1 Kf7 35. Rc1 Rd6 36. Qf5+ Bf6 37. Rc8 Rd5 38. Qc2 Qd6 39. Qe4 Qd7 40.
Qc2 Rxd4 41. Rc7 Rd1+ 42. Qxd1 Qxc7 43. Qb3+ Ke7 44. Qe3+ Kd7 45. Qe4 Qc5 46.
Qb7+ Qc7 47. Qd5+ Qd6 48. Qb7+ Ke6 49. Qe4+ Kf7 50. Qc4+ Kf8 51. Qc8+ Bd8 52.
Kg2 Ke7 53. Qc3 Qg6+ 54. Kh1 Bb6 55. Qe5+ Kf7 56. Qd5+ Qe6 57. Qb7+ Kf6 58. Kg2
Qe2+ 59. Kh3 Qf1+ 60. Kg3 Bf2+ 61. Kg4 Qg2+ 62. Kf4 Qg5+ 63. Ke4 0-1

[Event "52nd It"]
[Site "Reggio Emilia ITA"]
[Date "2010.01.02"]
[Round "5"]
[White "Godena, M."]
[Black "Caruana, F."]
[Result "1/2-1/2"]
[WhiteElo "2537"]
[BlackElo "2652"]
[PlyCount "69"]
[EventDate "2009.12.28"]

1. e4 e6 2. d4 d5 3. Nd2 c5 4. Ngf3 cxd4 5. Nxd4 Nf6 6. exd5 Qxd5 7. N2f3 Nc6
8. Nxc6 Qxc6 9. Bd3 Qc7 10. Bb5+ Bd7 11. Bxd7+ Nxd7 12. O-O Bc5 13. Qe2 O-O 14.
c3 Rfe8 15. Be3 Bxe3 16. Qxe3 Nb6 17. Rfd1 Rad8 18. Qe2 h6 19. Rxd8 Rxd8 20.
Rd1 Rxd1+ 21. Qxd1 Qc4 22. Qd8+ Kh7 23. Qe7 Qxa2 24. h4 Qxb2 25. Qxf7 Qb1+ 26.
Kh2 Qf5 27. Qxb7 Nd5 28. Qxa7 e5 29. Qb8 Qf4+ 30. Kh1 Qc1+ 31. Kh2 Nf6 32. Nxe5
Qf4+ 33. Kg1 Qc1+ 34. Kh2 Qf4+ 35. Kg1 1/2-1/2